О выборе привода первичных колебаний микромеханического инерциального датчика; Промышленные АСУ и контроллеры; № 6

التفاصيل البيبلوغرافية
Parent link:Промышленные АСУ и контроллеры: научно-технический производственный журнал.— , 1999-
№ 6.— 2012.— [С. 50-52]
المؤلف الرئيسي: Нестеренко Т. Г. Тамара Георгиевна
مؤلف مشترك: Национальный исследовательский Томский политехнический университет
مؤلفون آخرون: Пересветов М. В. Михаил Владимирович
الملخص:Заглавие с экрана
В статье рассматривается выбор привода для возбуждения первичных колебаний в микромеханическом гироскопе. Определены условия, при которых может возникнуть контакт между электродами планарного привода. Проведен расчет необходимой силы привода для достижения заданных характеристик гироскопа.
The article considers the choice of the drive for exciting initial vibrations in the micromechanical gyroscope. The conditions under which the contact between the electrodes of the planar drive is possible are determined. The calculation of the required drive force to achieve the specified performance characteristics of the gyroscope is made.
Режим доступа: по договору с организацией-держателем ресурса
اللغة:الروسية
منشور في: 2012
الموضوعات:
الوصول للمادة أونلاين:http://elibrary.ru/item.asp?id=22263151
التنسيق: الكتروني فصل الكتاب
KOHA link:https://koha.lib.tpu.ru/cgi-bin/koha/opac-detail.pl?biblionumber=649190

MARC

LEADER 00000naa0a2200000 4500
001 649190
005 20260123154146.0
035 |a (RuTPU)RU\TPU\network\14351 
090 |a 649190 
100 |a 20160623d2012 k||y0rusy50 ca 
101 0 |a rus 
102 |a RU 
135 |a drcn ---uucaa 
181 0 |a i  
182 0 |a b 
200 1 |a О выборе привода первичных колебаний микромеханического инерциального датчика  |d Choosing the drive of primary vibrations of the micromechanical inertial sensor  |f Т. Г. Нестеренко, М. В. Пересветов 
203 |a Текст  |c электронный 
300 |a Заглавие с экрана 
320 |a [Библиогр.: с. 3 назв.] 
330 |a В статье рассматривается выбор привода для возбуждения первичных колебаний в микромеханическом гироскопе. Определены условия, при которых может возникнуть контакт между электродами планарного привода. Проведен расчет необходимой силы привода для достижения заданных характеристик гироскопа. 
330 |a The article considers the choice of the drive for exciting initial vibrations in the micromechanical gyroscope. The conditions under which the contact between the electrodes of the planar drive is possible are determined. The calculation of the required drive force to achieve the specified performance characteristics of the gyroscope is made. 
333 |a Режим доступа: по договору с организацией-держателем ресурса 
461 |t Промышленные АСУ и контроллеры  |o научно-технический производственный журнал  |d 1999- 
463 |t № 6  |v [С. 50-52]  |d 2012 
510 1 |a Choosing the drive of primary vibrations of the micromechanical inertial sensor  |z eng 
610 1 |a электронный ресурс 
610 1 |a труды учёных ТПУ 
610 1 |a микромеханические гироскопы 
610 1 |a емкости 
610 1 |a виброприводы 
610 1 |a электростатические силы 
610 1 |a электродные структуры 
610 1 |a сбои 
610 1 |a защита 
700 1 |a Нестеренко  |b Т. Г.  |c специалист в области машиностроения  |c доцент Томского политехнического университета, кандидат технических наук  |f 1946-  |g Тамара Георгиевна  |3 (RuTPU)RU\TPU\pers\26585  |9 12268 
701 1 |a Пересветов  |b М. В.  |g Михаил Владимирович 
712 0 2 |a Национальный исследовательский Томский политехнический университет  |c (2009- )  |9 26305 
801 2 |a RU  |b 63413507  |c 20160623  |g RCR 
856 4 |u http://elibrary.ru/item.asp?id=22263151 
942 |c CF